000 00702 a2200205 4500
005 20260218120443.0
008 260218b |||||||| |||| 00| 0 eng d
020 _a9789360866952
_cरु 795.00
040 _aMAIN
082 _a891.433731
_bSA28P
100 _aसंजीव
110 _a
245 _aप्रत्यंचा : छत्रपति शाहूजी महाराज की जीवनगाथा
250 _aLatest edition
260 _bराजकमल प्रकाशन
_c2025
_aनई दिल्ली
300 _a264
650 _aहिन्दी साहित्य
651 _aहिन्दी उपन्यास
942 _cHN
999 _c393986
_d393986